Escola de Gênios: Episódios - Statistics

Estatísticas Gerais
  • Esse quiz foi jogado 7 vezes
    4 desde o último reset
  • A pontuação média é 5 de 156
Estatísticas das Respostas
Temporada Episódio Título % Correto
Temporada 1 Episódio 1 Escola de Gênios
67%
Temporada 2 Episódio 21 A Banda
33%
Temporada 1 Episódio 25 A Grande Virada
33%
Temporada 2 Episódio 23 Amigos, Amigos, Presentes à Parte
33%
Temporada 2 Episódio 13 Deu a Louca no Cubo
33%
Temporada 2 Episódio 22 É O Fim do Mundo!
33%
Temporada 2 Episódio 1 #ficamaya
33%
Temporada 2 Episódio 5 Hit Chiclete
33%
Temporada 1 Episódio 19 Me Deixa!
33%
Temporada 1 Episódio 8 Missão Marte
33%
Temporada 2 Episódio 26 O Grande Torneio
33%
Temporada 2 Episódio 24 Sempre Existe uma Primeira Vez
33%
Temporada 2 Episódio 7 Trabalho Duro
33%
Temporada 2 Episódio 25 Tudo ou Nada!
33%
Temporada 2 Episódio 18 Um Peixe Chamado Guto
33%
Temporada 4 Episódio 22 100 Anos Não São 100 Dias
0%
Temporada 3 Episódio 4 A Arte de Tesla
0%
Temporada 4 Episódio 14 Adriana, Coração de Porcelana
0%
Temporada 5 Episódio 25 A Escolha Certa
0%
Temporada 3 Episódio 21 A Formação do Time
0%
Temporada 1 Episódio 18 A Invasora
0%
Temporada 5 Episódio 23 Alterações nos Campos Magnéticos
0%
Temporada 3 Episódio 6 A Magia do Cinema
0%
Temporada 4 Episódio 5 A Marca da Rosa
0%
Temporada 6 Episódio 6 A Massa Polar Atlântica
0%
Temporada 3 Episódio 16 A Nova Escola de Gênios
0%
Temporada 5 Episódio 18 Ao Vivo e sem Cores
0%
Temporada 3 Episódio 20 A Queda
0%
Temporada 6 Episódio 14 As Olinfídias
0%
Temporada 4 Episódio 11 A Variedade de Habilidades Cognitivas Humanas
0%
Temporada 3 Episódio 24 A Verdade Vem à Tona
0%
Temporada 5 Episódio 20 Azar, Coincidência ou Lei de Murphy?
0%
Temporada 1 Episódio 11 Bárbara
0%
Temporada 5 Episódio 24 Bomba-Relógio
0%
Temporada 4 Episódio 24 Cadê o Neuron?
0%
Temporada 3 Episódio 5 Circuito de Gênios
0%
Temporada 1 Episódio 9 Cofres, Meias e Baratas
0%
Temporada 3 Episódio 9 Como Nasce um Boato
0%
Temporada 5 Episódio 11 Condições Anormais de Temperatura e Pressão
0%
Temporada 1 Episódio 22 Confidencial
0%
Temporada 6 Episódio 1 Contagem Regressiva
0%
Temporada 2 Episódio 15 Copa de Futebol de Robôs
0%
Temporada 5 Episódio 5 Corpo Estranho
0%
Temporada 3 Episódio 19 Corra, Einstein, Corra!
0%
Temporada 2 Episódio 16 Depois da Bonança Vem a Tempestade
0%
Temporada 6 Episódio 25 Derrubando As Barreiras
0%
Temporada 2 Episódio 19 Descadeirados
0%
Temporada 4 Episódio 2 Desencontros
0%
Temporada 1 Episódio 14 Deu Branco!
0%
Temporada 5 Episódio 21 Dia do Sim
0%
Temporada 3 Episódio 12 Dia do Trocado
0%
Temporada 4 Episódio 9 Domingo Na Escola
0%
Temporada 3 Episódio 23 Duas Rotas, Um Caminho
0%
Temporada 4 Episódio 8 Eclipse Oculto
0%
Temporada 6 Episódio 3 É Do Brasil!
0%
Temporada 4 Episódio 21 Efeitos Colaterais
0%
Temporada 6 Episódio 23 É Guerra!
0%
Temporada 2 Episódio 17 Elementar, Meu Caro Paulinho
0%
Temporada 1 Episódio 26 Encontro de Gênios
0%
Temporada 2 Episódio 9 Entre Feudos e Ocas
0%
Temporada 5 Episódio 9 Entrega Especial
0%
Temporada 6 Episódio 12 Escola de Gênias
0%
Temporada 4 Episódio 26 Escola de Gênios: A Missão
0%
Temporada 3 Episódio 26 Escola de Gênios X Robotec
0%
Temporada 6 Episódio 20 Escola de Gênios X Robotec: A Revanche
0%
Temporada 6 Episódio 4 Eu Não Sou Mais Uma Criancinha
0%
Temporada 4 Episódio 3 Fabricado no Brasil
0%
Temporada 3 Episódio 11 Fora de Controle
0%
Temporada 6 Episódio 26 Formatura. Será?
0%
Temporada 3 Episódio 8 Fuja se Puder!
0%
Temporada 1 Episódio 4 Fundindo os Neurônios
0%
Temporada 5 Episódio 7 Fuso Trocado
0%
Temporada 4 Episódio 17 Futuros Utópicos e Distópicos
0%
Temporada 5 Episódio 15 Game Over
0%
Temporada 1 Episódio 16 Garra ou Inseto?
0%
Temporada 6 Episódio 15 Gênio123 Está Digitando
0%
Temporada 5 Episódio 8 Geniokê
0%
Temporada 1 Episódio 5 Gênios da Bola
0%
Temporada 2 Episódio 20 Gincana? Desencana!
0%
Temporada 6 Episódio 8 Infinitas Surpresas
0%
Temporada 6 Episódio 19 Invasão Robotec
0%
Temporada 3 Episódio 18 Jogadas de Mestre
0%
Temporada 1 Episódio 10 Laser Gag
0%
Temporada 2 Episódio 2 Limpeza no Sistema
0%
Temporada 5 Episódio 17 Mania de Perseguição
0%
Temporada 3 Episódio 10 Mão Amiga
0%
Temporada 5 Episódio 14 Meu Avatar Favorito
0%
Temporada 2 Episódio 12 Minha Mãe é Uma Vera!
0%
Temporada 4 Episódio 1 Mistério Explosivo
0%
Temporada 1 Episódio 13 Mistérios da Meia-Noite
0%
Temporada 1 Episódio 15 Mostra de Gênios
0%
Temporada 2 Episódio 8 Movimento = Braço X Força
0%
Temporada 1 Episódio 2 Movimento Retilíneo Nada Uniforme
0%
Temporada 5 Episódio 19 Movimentos Precisos
0%
Temporada 4 Episódio 10 Na Natureza Tudo Se Transforma
0%
Temporada 5 Episódio 6 Não Conta Para Ninguém
0%
Temporada 6 Episódio 22 Não Há Vagas!
0%
Temporada 6 Episódio 2 Nasce Uma Treta
0%
Temporada 5 Episódio 26 Natal dos Sonhos
0%
Temporada 6 Episódio 17 Noite Do Acampamento
0%
Temporada 3 Episódio 17 Novas Regras
0%
Temporada 3 Episódio 1 Novos Gênios
0%
Temporada 4 Episódio 16 O Apagão
0%
Temporada 3 Episódio 25 O Desafio
0%
Temporada 2 Episódio 4 O Desafio da Gravidade
0%
Temporada 2 Episódio 14 O Dia Mais Quente do Ano
0%
Temporada 5 Episódio 13 O Disfarce de Zazá
0%
Temporada 6 Episódio 16 O Estranho Desafio Relâmpago
0%
Temporada 2 Episódio 3 O Julgamento
0%
Temporada 6 Episódio 24 O Muro Da Discórdia
0%
Temporada 5 Episódio 2 O Nascimento de Olga
0%
Temporada 5 Episódio 10 Operação: Pega Intruso
0%
Temporada 4 Episódio 25 O Plano
0%
Temporada 4 Episódio 12 O Que Vale é Participar?
0%
Temporada 4 Episódio 15 O Rolo da Holo
0%
Temporada 1 Episódio 23 O Segredo de Fídias
0%
Temporada 1 Episódio 21 Paranoia
0%
Temporada 4 Episódio 19 Paz Interior
0%
Temporada 4 Episódio 18 Peixe Fora D’água
0%
Temporada 3 Episódio 3 Perdoe o Meu Gutês
0%
Temporada 2 Episódio 6 Pílulas de Comida
0%
Temporada 5 Episódio 16 Plano de Emergência
0%
Temporada 1 Episódio 24 Por um Triz
0%
Temporada 5 Episódio 12 Precisa-se de Ajuda
0%
Temporada 1 Episódio 3 Projetando Ideias
0%
Temporada 5 Episódio 22 Promessa é Dívida
0%
Temporada 2 Episódio 10 Quando o Jogo Vira Realidade
0%
Temporada 4 Episódio 20 Que Dispositivo é Esse?
0%
Temporada 6 Episódio 9 Reunião de Pais
0%
Temporada 5 Episódio 4 Reunião Extraordinária
0%
Temporada 6 Episódio 11 Romeu Isaac & Tesla Julieta
0%
Temporada 4 Episódio 6 Rosa Contagiosa
0%
Temporada 6 Episódio 10 RPG da EDG
0%
Temporada 6 Episódio 21 Saída De Emergência
0%
Temporada 6 Episódio 18 Saudades, EDG
0%
Temporada 4 Episódio 13 Segredos e Mentiras
0%
Temporada 1 Episódio 6 Segurança Máxima
0%
Temporada 3 Episódio 15 Sente o Som!
0%
Temporada 4 Episódio 4 Sob Nova Direção
0%
Temporada 6 Episódio 5 Sorria, Você Está Sendo Monitorado
0%
Temporada 3 Episódio 2 Super Gênios
0%
Temporada 4 Episódio 7 Super Habilidades
0%
Temporada 3 Episódio 14 Surpresa!
0%
Temporada 6 Episódio 7 Surra de Likes
0%
Temporada 3 Episódio 13 Sustentável Fídias
0%
Temporada 3 Episódio 22 Talentos Geniais
0%
Temporada 1 Episódio 17 Teoria do Klaus, Quer Dizer, Do Caos
0%
Temporada 2 Episódio 11 Trombadas do Destino
0%
Temporada 1 Episódio 12 Tudo Certo, Nada Resolvido
0%
Temporada 6 Episódio 13 Tutor Por Um Dia
0%
Temporada 5 Episódio 3 Uma Nova Parceria
0%
Temporada 4 Episódio 23 Um Falso Axioma
0%
Temporada 5 Episódio 1 Universos Paralelos
0%
Temporada 1 Episódio 7 Vergonha Allheia
0%
Temporada 1 Episódio 20 Xiiisss!
0%
Temporada 3 Episódio 7 Zumbido no Meu Ouvido
0%
Nenhum quiz correspondente encontrado
Distribuição das Pontuações
Porcentagem de Pessoas com Cada Pontuação
Percentil de Números Respondidos
Sua Pontuação Histórica
Você não jogou esse quiz desde o último reset